Normal view
MARC view
- Abid,Syed Muhammad
Entry Personal Name
001 - CONTROL NUMBER
- control field: 26461
003 - CONTROL NUMBER IDENTIFIER
- control field: NUST
005 - DATE AND TIME OF LATEST TRANSACTION
- control field: 20191204095428.0
008 - FIXED-LENGTH DATA ELEMENTS
- fixed length control field: 191204|| aca||aabn | a|a d
040 ## - CATALOGING SOURCE
- Original cataloging agency: NUST
- Transcribing agency: NUST
100 ## - HEADING--PERSONAL NAME
- Personal name: Abid,Syed Muhammad
670 ## - SOURCE DATA FOUND
- Source citation: Work cat.: (NUST): Abid,Syed Muhammad, Socio-economic and environmental dynamics associated with karez system in Quetta valley., 2019
